Statistics for Word Scramble: Spices and Herbs

Click here to take the quiz!

General Stats

  • This quiz has been taken 2,061 times
  • The average score is 20 of 25

Answer Stats

HintAnswer% Correct
itnmmint
99%
lilddill
98%
agessage
98%
prepeppepper
96%
tyehmthyme
95%
eurrue
94%
gigernginger
94%
nanababanana
94%
lanilvavanilla
94%
akpraippaprika
92%
asemryrorosemary
89%
sialbbasil
88%
vicheschives
86%
aslepryparsley
86%
noninamccinnamon
85%
hadresorsihhorseradish
85%
regoonaoregano
83%
lesovccloves
80%
gumtennutmeg
79%
yecanencayenne
73%
masjenijasmine
73%
nararotgtarragon
63%
itlnaorccilantro
39%
worotroararrowroot
33%
volagelovage
26%

Score Distribution

Percentile by Number Answered

Percent of People with Each Score

Your Score History

You have not taken this quiz